Deuxième lettre a le comte de Cavour prèsident du Conseil des Ministres, a Turin / (Record no. 160009)

MARC details
000 -LEADER
campo de control de longitud fija 00691nam a22001695i 4500
001 - NÚMERO DE CONTROL
campo de control 160009
003 - IDENTIFICADOR DE NÚMERO DE CONTROL
campo de control ES-MaACL
005 - FECHA Y HORA DE LA ÚLTIMA TRANSACCIÓN
campo de control 20230906211918.0
008 - DATOS DE LONGITUD FIJA--INFORMACIÓN GENERAL
campo de control de longitud fija 040916s1861 fr |||| | fre d
080 ## - NÚMERO DE LA CLASIFICACIÓN DECIMAL UNIVERSAL
Número de la Clasificación Decimal Universal 929:32 Cavour, Camillo Benso, Conte di
100 1# - ENTRADA PRINCIPAL--NOMBRE DE PERSONA
Nombre de persona Montalembert, Charles Forbes
Títulos y otros términos asociados al nombre comte de (
Fechas asociadas al nombre 1810-1870)
9 (RLIN) 130077
245 10 - MENCIÓN DEL TÍTULO
Título Deuxième lettre a le comte de Cavour prèsident du Conseil des Ministres, a Turin /
Mención de responsabilidad, etc. par le comte de Montalembert.
260 ## - PUBLICACIÓN, DISTRIBUCIÓN, ETC.
Lugar de publicación, distribución, etc. Paris :
Nombre del editor, distribuidor, etc. Jacques Lecoffre,
Fecha de publicación, distribución, etc. 1861.
300 ## - DESCRIPCIÓN FÍSICA
Extensión 80 p. ;
Dimensiones 21 cm.
600 14 - PUNTO DE ACCESO ADICIONAL DE MATERIA--NOMBRE DE PERSONA
Nombre de persona Cavour, Camillo (
Fechas asociadas al nombre 1810-1861)
9 (RLIN) 176214
852 4# - LOCALIZACIÓN
Ubicación ES-MaACL
Número de control de estantería T-88-F-11
Nota libre - Enc. hol., falto de cub. original
-- - Enc. en un vol. facticio
Holdings
Estatus retirado Estado de pérdida Estado de daño No para préstamo Colección Biblioteca de origen Biblioteca actual Ubicación en estantería Fecha de adquisición Total de préstamos Signatura topográfica completa Código de barras Visto por última vez Precio de reemplazo Tipo de ítem Koha
        Colección de folletos Biblioteca del Ateneo de Madrid Biblioteca del Ateneo de Madrid Depósito folletos 17/01/2008   T-88-F-11 1167515 23/02/2023 23/02/2023 Folleto